| 000 | 00682nam a22002417a 4500 | ||
|---|---|---|---|
| 003 | UA-OsUOA | ||
| 001 | 129167 | ||
| 007 | ta | ||
| 008 | 20180219b un ||||| |||| 00| 0 ukr d | ||
| 090 |
_a82-6 _bЛ63 |
||
| 942 | _cBK | ||
| 040 |
_aUA-OsUOA _bukr _cUA-OsUOA _dUA-OsUOA |
||
| 245 |
_aЛисти до Олеся Гончара _bу двох книгах _cМ. Степаненко |
||
| 300 | _a736 с. | ||
| 955 | _a3 | ||
| 041 | _aukr | ||
| 080 | _a82-6 | ||
| 020 | _a978-617-543-054-5 | ||
| 260 |
_aК. _bСакцент Плюс _c2016 |
||
| 246 | 3 | 1 |
_aкн. 1 _n1946 - 1982 |
| 650 | 7 |
_a82 Література. Літературознавство _2UDC |
|
| 999 |
_c416931 _d416931 |
||